Úloha Evropského společenství a jeho statistický systém (školení EUROSTATu).
Správa o školení Eurostatu, ktoré sa konalo 23.-27.9.1991 v Luxemburgu. Prehľad európskych inštitúcií. Európsky štatistický systém a plánovacie procedúry na pôde Eurostatu, ktoré sú s ním spojené. Organizácia štatistiky v členských štátoch ES.
Salvato in:
| Autore principale: | |
|---|---|
| Natura: | Capitolo di libro |
| Lingua: | ceco |
| Soggetti: | |
| Tags: |
Nessun Tag, puoi essere il primo ad aggiungerne!!
|
MARC
| LEADER | 00000naa a2200000 4500 | ||
|---|---|---|---|
| 001 | r013230 | ||
| 005 | 20221130112124.9 | ||
| 041 | 0 | |a cze | |
| 044 | |a CZ | ||
| 245 | 1 | 0 | |a Úloha Evropského společenství a jeho statistický systém (školení EUROSTATu). |c O. Bětíková |
| 520 | |a Správa o školení Eurostatu, ktoré sa konalo 23.-27.9.1991 v Luxemburgu. Prehľad európskych inštitúcií. Európsky štatistický systém a plánovacie procedúry na pôde Eurostatu, ktoré sú s ním spojené. Organizácia štatistiky v členských štátoch ES. | ||
| 610 | 2 | 0 | |a organizácia štatistiky |
| 610 | 2 | 0 | |a Európske spoločenstvá |
| 610 | 2 | 0 | |a EUROSTAT |
| 610 | 2 | 0 | |a školenie odborné |
| 610 | 2 | 0 | |a Luxemburg |
| 610 | 2 | 0 | |a 1991 |
| 610 | 2 | 0 | |a systémy štatistické |
| 100 | 1 | |a Bětíková, O. | |